|
|
|
|
| LEADER |
00987nam a22002297a 4500 |
| 001 |
AAL9705 |
| 003 |
BD-DhAAL |
| 005 |
20180714192204.0 |
| 008 |
180714s 2018B ||||| |||| 00| 0 en d |
| 999 |
|
|
|c 39757
|d 39757
|
| 020 |
|
|
|a 9789840420377
|
| 040 |
|
|
|a BD-DhAAL
|c BD-DhAAL
|
| 082 |
|
|
|a 181/.09512
|
| 245 |
|
|
|a কনফুসিয়াস এর কথাপকথন /
|c অনূদিত হেলাল উদ্দিন আহমদ
|
| 260 |
|
|
|a ঢাকা :
|b আগামী প্রকাশনী,
|c ২০১৮
|
| 300 |
|
|
|a ১৩৫ পৃ.
|c ২২ সে.মি.
|
| 541 |
|
|
|e 9705
|
| 650 |
|
|
|a Confucius. -- Lun yu.
|9 27223
|
| 700 |
|
|
|a আহমদ, হেলাল উদ্দিন
|9 27224
|
| 852 |
|
|
|a Savar Campus Library
|c General Shelf
|
| 942 |
|
|
|2 ddc
|c BK
|
| 952 |
|
|
|0 0
|1 0
|2 ddc
|4 0
|6 181_000000000000000__09512_AHA
|7 0
|9 63785
|a SCL
|b SCL
|c GEN
|d 2018-07-14
|e Development Book Agency
|g 252.00
|l 9
|m 9
|o 181.09512 AHA
|p 3020009705
|r 2025-10-22
|s 2025-10-15
|t 1
|w 2018-07-14
|y BK
|